00271nam a2200121Ia 4500008004100000100000900041245002000050260003700070300000800107650001000115942000700125999001700132190216s9999||||xx |||||||||||||| ||und|| aNull 0aHindi-Abim Vyas bNew Age International Publishers a192 aHindi cBK c15895d15895